| 000 | 00450cam a2200181ua 4500 | ||
|---|---|---|---|
| 020 | _c6.00 | ||
| 041 |
_aeng _h |
||
| 082 |
_a516.23 _bSHA/SO |
||
| 100 | _aShahane, . | ||
| 245 |
_aSolution of university problems in solid geometry / _cShahane. _hTextual Documents |
||
| 250 |
_a1 / _b. |
||
| 260 |
_aBombay : _bEngineering BOOK Co. , _c1962. |
||
| 300 | _a162 ; . | ||
| 365 | _a6.00 | ||
| 504 | _a | ||
| 942 | _cBK | ||
| 999 |
_c3004 _d3004 |
||